MôÌ£t sôÌ vâÌn đêÌ€ vêÌ€ chủ nghĩa MaÌc - Lênin trong thơÌ€i đaÌ£i ngaÌ€y nay
Hôi đôÌ€ng Trung Ương chỉ đaÌ£o biên soaÌ£n bôÌ£ GiaÌo triÌ€nh quôÌc gia caÌc bôÌ£ môn khoa hoÌ£c MaÌc - Lênin, Tư tưởng HôÌ€ ChiÌ Minh
Salvato in:
| Natura: | Libro |
|---|---|
| Lingua: | Undetermined |
| Pubblicazione: |
H.
ChiÌnh triÌ£ quôÌc gia
1996
|
| Soggetti: | |
| Accesso online: | http://lrc.tdmu.edu.vn/opac/search/detail.asp?aID=2&ID=7262 |
| Tags: |
Aggiungi Tag
Nessun Tag, puoi essere il primo ad aggiungerne! !
|
| Thư viện lưu trữ: | Trung tâm Học liệu Trường Đại học Thủ Dầu Một |
|---|
| LEADER | 01017nam a2200193Ia 4500 | ||
|---|---|---|---|
| 001 | TDMU_7262 | ||
| 008 | 210410s9999 xx 000 0 und d | ||
| 082 | |a 335 | ||
| 090 | |b M458 | ||
| 245 | 0 | |a MôÌ£t sôÌ vâÌn đêÌ€ vêÌ€ chủ nghĩa MaÌc - Lênin trong thơÌ€i đaÌ£i ngaÌ€y nay | |
| 245 | 0 | |c HôÌ£i đôÌ€ng Trung Ương | |
| 260 | |a H. | ||
| 260 | |b ChiÌnh triÌ£ quôÌc gia | ||
| 260 | |c 1996 | ||
| 300 | |a 151tr. | ||
| 520 | |a Hôi đôÌ€ng Trung Ương chỉ đaÌ£o biên soaÌ£n bôÌ£ GiaÌo triÌ€nh quôÌc gia caÌc bôÌ£ môn khoa hoÌ£c MaÌc - Lênin, Tư tưởng HôÌ€ ChiÌ Minh | ||
| 650 | |a Chủ nghĩa MaÌc - Lênin; Chủ nghĩa MaÌc - Lênin; Chủ nghĩa CôÌ£ng sản | ||
| 856 | |u http://lrc.tdmu.edu.vn/opac/search/detail.asp?aID=2&ID=7262 | ||
| 980 | |a Trung tâm Học liệu Trường Đại học Thủ Dầu Một | ||